00283nam a2200109Ia 4500008004100000100002800041245003400069260003600103260000900139300000800148999001700156170620s9999 xx 000 0 und d aDR. SINGH AND DR SHARMA 0aHEALTH AND PHYSICAL EDUCATION bDelhi; DHANPATRAI Publications c2005 a113 c28312d28312